<?xml version="1.0" encoding="UTF-8"?>
<record
    xmlns:xsi="http://www.w3.org/2001/XMLSchema-instance"
    xsi:schemaLocation="http://www.loc.gov/MARC21/slim http://www.loc.gov/standards/marcxml/schema/MARC21slim.xsd"
    xmlns="http://www.loc.gov/MARC21/slim">

  <leader>01029nam a22002417a 4500</leader>
  <controlfield tag="003">SEM</controlfield>
  <controlfield tag="005">20250801150639.0</controlfield>
  <controlfield tag="008">240305s1978    ru ||||gr||||||01|||rus|d</controlfield>
  <datafield tag="040" ind1=" " ind2=" ">
    <subfield code="a">SEM</subfield>
    <subfield code="c">SEM</subfield>
  </datafield>
  <datafield tag="041" ind1=" " ind2=" ">
    <subfield code="a">rus</subfield>
    <subfield code="h">bulg</subfield>
  </datafield>
  <datafield tag="080" ind1=" " ind2=" ">
    <subfield code="a">069.538(49.72)/&#x41D;-35</subfield>
  </datafield>
  <datafield tag="100" ind1=" " ind2=" ">
    <subfield code="a">&#x41B;&#x435;&#x444;&#x442;&#x435;&#x440;&#x43E;&#x432;&#x430;, &#x410;&#x43D;&#x43D;&#x430;</subfield>
  </datafield>
  <datafield tag="245" ind1=" " ind2=" ">
    <subfield code="a">&#x41D;&#x430;&#x446;&#x438;&#x43E;&#x43D;&#x430;&#x43B;&#x435;&#x43D; &#x43C;&#x443;&#x437;&#x435;&#x439; &#x43D;&#x430; &#x411;&#x44A;&#x43B;&#x433;&#x430;&#x440;&#x43E;-&#x421;&#x44A;&#x432;&#x435;&#x442;&#x441;&#x43A;&#x430;&#x442;&#x430; &#x434;&#x440;&#x443;&#x436;&#x431;&#x430; /</subfield>
    <subfield code="c">&#x410;&#x432;&#x442;.-&#x441;&#x43E;&#x441;&#x442;.: &#x410;. &#x41B;&#x435;&#x444;&#x442;&#x435;&#x440;&#x43E;&#x432;&#x430; ; &#x420;&#x435;&#x434;.: &#x41A;. &#x41D;&#x438;&#x43A;&#x43E;&#x43B;&#x43E;&#x432;</subfield>
  </datafield>
  <datafield tag="246" ind1=" " ind2=" ">
    <subfield code="a">&#x41D;&#x430;&#x446;&#x438;&#x43E;&#x43D;&#x430;&#x43B;&#x44C;&#x43D;&#x44B;&#x439; &#x43C;&#x443;&#x437;&#x435;&#x439; &#x411;&#x43E;&#x43B;&#x433;&#x430;&#x440;&#x43E;-&#x421;&#x43E;&#x432;&#x435;&#x442;&#x441;&#x43A;&#x43E;&#x439; &#x434;&#x440;&#x443;&#x436;&#x431;&#x44B; /</subfield>
  </datafield>
  <datafield tag="250" ind1=" " ind2=" ">
    <subfield code="a">&#x41F;&#x435;&#x440;&#x432;&#x43E;&#x435; &#x438;&#x437;&#x434;&#x430;&#x43D;&#x438;&#x435;</subfield>
  </datafield>
  <datafield tag="260" ind1=" " ind2=" ">
    <subfield code="a">&#x421;&#x43E;&#x444;&#x438;&#x44F; :</subfield>
    <subfield code="b">&#x414;&#x418; "&#x421;&#x435;&#x43F;&#x442;&#x435;&#x43C;&#x431;&#x440;&#x438;'',</subfield>
    <subfield code="c">1978.</subfield>
  </datafield>
  <datafield tag="300" ind1=" " ind2=" ">
    <subfield code="b">&#x563;&#x578;&#x582;&#x576;&#x561;&#x57E;&#x578;&#x580; &#x562;&#x561;&#x581;&#x56B;&#x56F;-17 &#x570;&#x561;&#x57F; (&#x446;&#x432;&#x435;&#x442;&#x43D;&#x44B;&#x435; &#x43A;&#x430;&#x440;&#x442;&#x44B;-17 &#x448;&#x442;.)</subfield>
    <subfield code="c">23 &#x441;&#x43C;</subfield>
  </datafield>
  <datafield tag="650" ind1=" " ind2=" ">
    <subfield code="a">&#x41A;&#x430;&#x442;&#x430;&#x43B;&#x43E;&#x433; &#x43C;&#x443;&#x437;&#x435;&#x44F;</subfield>
    <subfield code="z">&#x411;&#x43E;&#x43B;&#x433;&#x430;&#x440;&#x438;&#x44F;</subfield>
    <subfield code="z">&#x420;&#x43E;&#x441;&#x441;&#x438;&#x44F; (&#x421;&#x421;&#x421;&#x420;)</subfield>
  </datafield>
  <datafield tag="653" ind1=" " ind2=" ">
    <subfield code="a">&#x54D;&#x537;&#x544;</subfield>
  </datafield>
  <datafield tag="700" ind1=" " ind2=" ">
    <subfield code="a">&#x41B;&#x435;&#x444;&#x442;&#x435;&#x440;&#x43E;&#x432;&#x430;,  &#x410;.</subfield>
    <subfield code="e">&#x430;&#x432;&#x442;.-&#x441;&#x43E;&#x441;&#x442;.</subfield>
    <subfield code="4">auth.-comp.</subfield>
  </datafield>
  <datafield tag="700" ind1=" " ind2=" ">
    <subfield code="a">&#x41D;&#x438;&#x43A;&#x43E;&#x43B;&#x43E;&#x432;, &#x41A;.</subfield>
    <subfield code="e">&#x440;&#x435;&#x434;.</subfield>
    <subfield code="4">edt.</subfield>
  </datafield>
  <datafield tag="942" ind1=" " ind2=" ">
    <subfield code="2">udc</subfield>
    <subfield code="c">BK</subfield>
  </datafield>
  <datafield tag="999" ind1=" " ind2=" ">
    <subfield code="c">74672</subfield>
    <subfield code="d">74672</subfield>
  </datafield>
  <datafield tag="952" ind1=" " ind2=" ">
    <subfield code="0">0</subfield>
    <subfield code="1">0</subfield>
    <subfield code="2">udc</subfield>
    <subfield code="4">0</subfield>
    <subfield code="7">0</subfield>
    <subfield code="8">&#x533;&#x580;&#x561;&#x57A;&#x561;&#x570;&#x578;&#x581;</subfield>
    <subfield code="a">SEM</subfield>
    <subfield code="b">SEM</subfield>
    <subfield code="d">2025-08-01</subfield>
    <subfield code="i">&#x420;&#x443;&#x441;-10922</subfield>
    <subfield code="l">0</subfield>
    <subfield code="o">069.538(49.72)/&#x41B;-53</subfield>
    <subfield code="p">&#x420;&#x443;&#x441;-10922</subfield>
    <subfield code="r">2025-08-01</subfield>
    <subfield code="w">2025-08-01</subfield>
    <subfield code="y">BK</subfield>
    <subfield code="z">&#x54D;&#x57A;&#x561;&#x57D;&#x561;&#x580;&#x56F;&#x57E;&#x578;&#x582;&#x574; &#x567; &#x568;&#x576;&#x569;&#x565;&#x580;&#x581;&#x561;&#x57D;&#x580;&#x561;&#x570;</subfield>
  </datafield>
</record>
